| 000 | 00603nam a22001937a 4500 | ||
|---|---|---|---|
| 005 | 20230216052814.0 | ||
| 008 | 230216b |||||||| |||| 00| 0 eng d | ||
| 020 | _a978-1-259-25318-8 | ||
| 082 | _a658.5 H654 2015 | ||
| 100 |
_aHillier, Frederick S. _eauthor |
||
| 245 |
_aIntroduction to operations research / _cFrederick S. Hillier, Gerald J. Lieberman |
||
| 250 | _a10th ed. | ||
| 260 |
_aNew York: _bMcGraw-Hill Education, _cc2015. |
||
| 300 |
_axxx, 1010p.; _bill. |
||
| 504 | _aIncludes index | ||
| 541 | _e5240 | ||
| 650 | _aOperations research | ||
| 700 |
_aLieberman, Gerald J. _eauthor |
||
| 999 |
_c1179 _d1179 |
||